Normal view MARC view
  • CFA

Entry Personal Name

Number of records used in: 1

001 - CONTROL NUMBER

  • control field: 133803

003 - CONTROL NUMBER IDENTIFIER

  • control field: NUST

005 - DATE AND TIME OF LATEST TRANSACTION

  • control field: 20260401102356.0

008 - FIXED-LENGTH DATA ELEMENTS

  • fixed length control field: 260401|| aca||aabn | a|a d

040 ## - CATALOGING SOURCE

  • Original cataloging agency: NUST
  • Transcribing agency: NUST

100 ## - HEADING--PERSONAL NAME

  • Personal name: CFA

670 ## - SOURCE DATA FOUND

  • Source citation: Work cat.: (NUST): CFA., Corporate Finance and Portfolio Management CFA Program Curriculum (2009) Level 1 /, 2009.
© 2023 Central Library, National University of Sciences and Technology. All Rights Reserved.